| 000 | 01045nmm a2200349 a 4500 | ||
|---|---|---|---|
| 003 | AR-BaBNM | ||
| 005 | 20251128205903.0 | ||
| 008 | 038019s1997 ||||||||||||||000 | spa|| | ||
| 020 | _a950-29-0428-1 | ||
| 040 | _cAR-BaBNM | ||
| 245 | 1 | 0 |
_aPostales urbanas del final del milenio _buna construcción de muchos / |
| 260 |
_aBuenos Aires _bOficina de Publicaciones del CBC _c1997 |
||
| 300 | 0 |
_a252 p. _bmapas, tablas |
|
| 504 | _aCada trabajo cuenta con bibliografía para consultar | ||
| 650 | 4 | _aDEMOGRAFIA | |
| 650 | 4 | _aCENSOS DE POBLACION | |
| 650 | 4 | _aPOBLACION | |
| 650 | 4 | _aCIENCIAS SOCIALES | |
| 650 | 4 | _aANALISIS DEMOGRAFICO | |
| 650 | 4 | _aINVESTIGACION DEMOGRAFICA | |
| 650 | 4 | _aCIUDADES | |
| 650 | 4 | _aSOCIOLOGIA URBANA | |
| 650 | 4 | _aPOLITICA GUBERNAMENTAL | |
| 650 | 4 | _aPLANIFICACION REGIONAL | |
| 650 | 4 | _aPLANIFICACION URBANA | |
| 650 | 4 | _aNORMAS DE CONSTRUCCION | |
| 650 | 4 | _aDESARROLLO URBANO | |
| 650 | 4 | _aEXPANSION URBANA | |
| 700 | 1 |
_aHerzer, Hilda M. _ecompilador |
|
| 942 | _cBK | ||
| 998 | _cMariana | ||
| 999 |
_c13159 _d13159 |
||